000 00382nam a22001577a 4500
003 OSt
008 231127b |||||||| |||| 00| 0 eng d
020 _a9789391012687
100 _aMANDA,SUBRATA
245 _aCULTIVATION OF MEDICINAL PLANTS
260 _aNEW DELHI
_bNEW DELHI
_c2022
300 _a231
700 _aMANDAL,SUDIPA NAG
700 _aDAS,ALOKESH
942 _2ddc
_cREF
999 _c12127
_d12127